000 00784nam a2200229 i 4500
001 183140
003 ES-MaACL
005 20250814053140.0
008 140124s1987 sp |||| | spa d
020 _a84-206-0237-X
080 _a133(038)
100 1 _aRiffard, Pierre.
_9154267
245 1 0 _aDiccionario del esoterismo /
_cPierre Riffard ; [traductor, Néstor Míguez].
260 _aMadrid :
_bAlianza Editorial,
_cD.L. 1987.
300 _a449 p. :
_bil. ;
_c18 cm.
490 1 _aEl Libro de bolsillo ;
_v1237. Sección Humanidades
650 7 _aOcultismo
_2embne
_915681
700 0 _aMíguez, Néstor.
_981054
830 0 3 _aEl libro de bolsillo
_v1237. Sección Humanidades
_9177802
852 _aES-MaACL
_jL-29947
_z.- Donat. Miguel A. Velasco
999 _c183140
_d183140